000 00766nab a2200337Ia 4500
001 6138
008 191123s9999 xx 000 0 und d
041 _aspa
044 _aag
100 _aCordova Iturburu, Cayetano,
260 _aBuenos Aires :
_b[s.n.],
_c1958.
300 _a5 p.
_bilus. b/n
650 _aARGENTINA
650 _aARTE
650 _aGRUPO MARTIN FIERRO
650 _aHISTORIA
650 _aMARTIN FIERRO
650 _aPUBLICACIONES PERIODICAS
902 _aS
903 _aa
904 _aas
907 _aImpreso
911 _ailus. b/n
912 _a1958
920 _a16, n.171/173
942 _cANALITICA
999 _c13774
_d13774
490 0 _aLyra
245 0 _aLa renovación "martinfierrista"
550 _ailus. b/n